• Figuier, Louis,

di Personal Name

Records bibliografici associati: 1

001 - CONTROL NUMBER

  • control field: 58221

003 - CONTROL NUMBER IDENTIFIER

  • control field: IT-RoINE

005 - DATE AND TIME OF LATEST TRANSACTION

  • control field: 20190326081317.0

008 - FIXED-LENGTH DATA ELEMENTS

  • fixed length control field: 190326|| aca||aabn | a|a d

040 ## - CATALOGING SOURCE

  • Original cataloging agency: IT-RoINE
  • Transcribing agency: IT-RoINE

100 ## - HEADING--PERSONAL NAME

  • Personal name: Figuier, Louis,
  • Dates associated with a name: 1819-1894

670 ## - SOURCE DATA FOUND

  • Source citation: Work cat.: (IT-RoINE)0: Figuier, Louis, 1819-1894, L'uomo primitivo /, 1873.